00000000nam 2200000zi 4500
0019.929816
003CaOODSP
00520251204094118
006m     o  d f      
007cr mn|||||||||
008231101t20242024onca    ob   f000 0 fre d
020 |a9780660686592
040 |aCaOODSP|bfre|erda|cCaOODSP
043 |an-cn---
0861 |aM4-244/2023F-PDF
24500|aDocument technique sur le Crédit d'impôt à l'investissement pour le captage, l'utilisation et le stockage du carbone (CUSC-CII) : |bdocument technique.
264 1|a[Ottawa] : |bRessources naturelles Canada = Natural Resources Canada, |c[2024]
264 4|c©2024
300 |a1 ressource en ligne (ix, 168 pages) : |billustrations (principalement en couleur)
336 |atexte|btxt|2rdacontent/fre
337 |ainformatique|bc|2rdamedia/fre
338 |aressource en ligne|bcr|2rdacarrier/fre
500 |aPublié aussi en anglais sous le titre : Carbon Capture, Utilization and Storage Investment Tax Credit (CCUS-ITC): technical guidance document.
504 |aComprend des références bibliographiques.
650 6|aPiégeage du carbone|zCanada.
650 6|aCrédit d'impôt|zCanada.
7101 |aCanada. |bRessources naturelles Canada, |eorganisme de publication.
77508|tCarbon Capture, Utilization and Storage Investment Tax Credit (CCUS-ITC) : |w(CaOODSP)9.929814
794 |tDocument technique sur le Crédit d'impôt à l'investissement pour le captage, l'utilisation et le stockage du carbone (CUSC-CII) : |w(CaOODSP)9.957961
85640|qPDF|s5.94 Mo|uhttps://publications.gc.ca/collections/collection_2024/rncan-nrcan/M4-244-2023-fra.pdf